<?xml version="1.0" encoding="UTF-8"?>
<record
    xmlns:xsi="http://www.w3.org/2001/XMLSchema-instance"
    xsi:schemaLocation="http://www.loc.gov/MARC21/slim http://www.loc.gov/standards/marcxml/schema/MARC21slim.xsd"
    xmlns="http://www.loc.gov/MARC21/slim">

  <leader>00656nam a2200181 i 4500</leader>
  <controlfield tag="001">185069</controlfield>
  <controlfield tag="003">ES-MaACL</controlfield>
  <controlfield tag="005">20250911063608.0</controlfield>
  <controlfield tag="008">160317s1919    pl           |||| | fre d</controlfield>
  <datafield tag="100" ind1="1" ind2=" ">
    <subfield code="a">Kutrzeba, Stanislaw, </subfield>
    <subfield code="d">1876-1946</subfield>
    <subfield code="9">159115</subfield>
  </datafield>
  <datafield tag="245" ind1="1" ind2="3">
    <subfield code="a">La question juive en Pologne </subfield>
    <subfield code="b">: essai historique / </subfield>
    <subfield code="c">Stanislaw Kutrzeba.</subfield>
  </datafield>
  <datafield tag="260" ind1=" " ind2=" ">
    <subfield code="a">Cracovie : </subfield>
    <subfield code="b">[s.n.], </subfield>
    <subfield code="c">1919 (</subfield>
    <subfield code="f">Imprimerie de l'Universit&#xE9;)</subfield>
  </datafield>
  <datafield tag="300" ind1=" " ind2=" ">
    <subfield code="a">58 p. ; </subfield>
    <subfield code="c">22 cm.</subfield>
  </datafield>
  <datafield tag="500" ind1=" " ind2=" ">
    <subfield code="a">En port.: Publications du bureau des travaux pr&#xE9;liminaires pour le Congr&#xE8;s de Paris.</subfield>
  </datafield>
  <datafield tag="650" ind1=" " ind2="4">
    <subfield code="a">Jud&#xED;os-</subfield>
    <subfield code="z">Polonia.</subfield>
    <subfield code="9">159116</subfield>
  </datafield>
  <datafield tag="852" ind1=" " ind2=" ">
    <subfield code="a">ES-MaACL</subfield>
    <subfield code="j">1715-F-14</subfield>
  </datafield>
  <datafield tag="999" ind1=" " ind2=" ">
    <subfield code="c">185069</subfield>
    <subfield code="d">185069</subfield>
  </datafield>
  <datafield tag="952" ind1=" " ind2=" ">
    <subfield code="0">0</subfield>
    <subfield code="1">0</subfield>
    <subfield code="4">0</subfield>
    <subfield code="7">0</subfield>
    <subfield code="8">Colecci&#xF3;n_de_folletos</subfield>
    <subfield code="a">ATENEOM</subfield>
    <subfield code="b">ATENEOM</subfield>
    <subfield code="c">DEPOF</subfield>
    <subfield code="d">2016-03-17</subfield>
    <subfield code="e">SC</subfield>
    <subfield code="l">0</subfield>
    <subfield code="o">1715-F-14</subfield>
    <subfield code="p">1194937</subfield>
    <subfield code="r">2023-02-23 00:00:00</subfield>
    <subfield code="w">2023-02-23</subfield>
    <subfield code="y">FOLLETOS</subfield>
  </datafield>
</record>
